| 000 | 01708nam0a2200313 4500 | ||
|---|---|---|---|
| 001 | RU\NLR\bibl\1011466 | ||
| 005 | 20260407053236.0 | ||
| 010 |
_a5-85507-348-3 _9200 |
||
| 021 |
_aRU _b2006-63808 _93186 |
||
| 035 | _a(NLR Aleph) 000999094 | ||
| 090 |
_a567183 _c567183 |
||
| 100 | _a20061121d2006 |||y0rusy50 ca | ||
| 101 | 0 | _arus | |
| 102 | _aRU | ||
| 105 | _ay ||||||||| | ||
| 200 | 1 |
_aЛекции по новейшей истории России _eучебное пособие _e[для студентов всех специальностей] _fРос. заоч. ин-т текстил. и лег. пром-ти, Каф. истории и культурологии _g[Шатило И.С., проф., к.филос.н. (отв. ред.)] |
|
| 210 |
_aМосква _cРоссийский заочный институт текстильной и легкой промышленности _d2006 |
||
| 215 |
_a162 с. _d21 |
||
| 320 | _aБиблиогр.: с. 161-162, в тексте и в подстроч. прим. | ||
| 607 |
_aРоссия _jУчебные издания для высших учебных заведений _xИстория _z20 в. _92083346 _3RU\NLR\auth\661259397 |
||
| 686 | _aТ3(2)7я73 | ||
| 702 | 1 |
_aШатило _bИ. С. _gИгорь Станиславович _4340 |
|
| 712 | 0 | 2 |
_4570 _aРоссийский заочный институт текстильной и легкой промышленности _bКафедра истории и культурологии _3RU\NLR\AUTH\8810023142 _9544309 |
| 801 | 0 |
_aRU _bNLR _c20061121 _grcr |
|
| 801 | 1 |
_aRU _bNLR _c20061121 |
|
| 830 | _aред. по кн. | ||
| 942 | _cBOOK | ||
| 980 | _aNB | ||